[Event "AUTO-OPEN-4614"]
[Site "http://www.queenalice.com/game.php?id=1862911"]
[Date "2025.9.11"]
[Round "1"]
[White "dida"]
[Black "chessman"]
[Result "0-1"]
[WhiteElo "1525"]
[BlackElo "2026"]

1. e4 e6 2. Nf3 d5 3. Bd3 dxe4 4. Bxe4 Nd7 5. d4 Ngf6 6. Qe2 Nxe4 7. O-O Nef6 8.
Bg5 Be7 9. h3 O-O 10. Bxf6 Nxf6 11. Nc3 b6 12. Ne4 Bb7 13. Nxf6+ Bxf6 14. c3 Rc8
15. a4 c5 16. dxc5 Rxc5 17. Rad1 Rd5 18. c4 Rxd1 19. Rxd1 Qc7 20. b4 Bxf3 21.
Qxf3 Qxc4 22. Rb1 Rc8 23. Qd1 h6 24. a5 bxa5 25. bxa5 Qc2 26. Qxc2 Rxc2 27. Rb8+
Kh7 28. Rb7 Kg6 29. Rxa7 Rxf2 30. Kxf2 Bd4+ 31. Ke2 Bxa7 32. a6 Kf5 33. g4+ Kf4
34. Kf1 Kg3 35. Ke2 Kxh3 36. Kf3 g6 37. Kf4 f6 38. Kf3 e5 39. Ke4 Kxg4 40. Kd5
h5 41. Ke6 Kg5 42. Kd5 h4 43. Kc6 h3 44. Kb7 Bf2 45. Kc6 h2 46. Kb7 h1=Q+ 47.
Kc7 Qa8 0-1

[Event "AUTO-OPEN-4614"]
[Site "http://www.queenalice.com/game.php?id=1862912"]
[Date "2025.9.11"]
[Round "1"]
[White "chessman"]
[Black "dida"]
[Result "1-0"]
[WhiteElo "2010"]
[BlackElo "1512"]

1. e4 e5 2. Nf3 Nc6 3. Bb5 a6 4. Ba4 Nh6 5. d4 exd4 6. Bb3 Qe7 7. O-O d6 8. Nxd4
Nxd4 9. Qxd4 f6 10. Bxh6 gxh6 11. Nc3 Bd7 12. Nd5 c5 13. Qxf6 Qxf6 14. Nxf6+ Kd8
15. Nxd7 Kxd7 16. Bd5 Rb8 17. f4 Bg7 18. c3 Rhe8 19. Rae1 b5 20. Rf3 h5 21. Rd3
c4 22. Rd2 h4 23. e5 h3 24. g3 a5 25. Bf7 Rf8 26. Rxd6+ Ke7 27. Bd5 Rbd8 28.
Re6+ Kd7 29. Rd6+ Kc8 30. Be6+ Kb7 31. Bxh3 h5 32. Rd7+ Rxd7 33. Bxd7 Kb6 34. e6
Bf6 35. e7 Bxe7 36. Rxe7 1-0

[Event "AUTO-OPEN-4614"]
[Site "http://www.queenalice.com/game.php?id=1862913"]
[Date "2025.9.11"]
[Round "1"]
[White "dida"]
[Black "josebaron"]
[Result "0-1"]
[WhiteElo "1516"]
[BlackElo "2178"]

1. e4 e5 2. Nc3 Nf6 3. Bd3 Bc5 4. Qe2 O-O 5. h3 d6 6. Nf3 Nc6 7. O-O Nd4 8. Nxd4
Bxd4 9. Nb5 Bb6 10. b3 a6 11. Nc3 Bd4 12. Bb2 b5 13. Ba3 Bb7 14. Rab1 c5 15. Nd5
Nxd5 16. exd5 b4 17. Bb2 Bxb2 18. Rxb2 Bxd5 19. c4 bxc3 20. dxc3 Bb7 21. Qg4 d5
22. f4 e4 23. Be2 Qf6 24. Rc2 d4 25. cxd4 cxd4 26. Rc7 d3 27. Bxd3 Qb6+ 28. Kh1
Qxc7 29. Bc4 a5 30. f5 Kh8 31. f6 gxf6 32. Rxf6 Rg8 33. Qe2 e3 34. Qxe3 Rxg2 35.
Bxf7 Qh2# 0-1

[Event "AUTO-OPEN-4614"]
[Site "http://www.queenalice.com/game.php?id=1862914"]
[Date "2025.9.11"]
[Round "1"]
[White "josebaron"]
[Black "dida"]
[Result "1-0"]
[WhiteElo "2153"]
[BlackElo "1523"]

1. e4 e5 2. Nf3 Nc6 3. Bb5 a6 4. Bxc6 dxc6 5. O-O Qf6 6. h3 Be6 7. Re1 O-O-O 8.
d3 Bd6 9. a4 Ne7 10. Nc3 Bb4 11. Bd2 h6 12. Ne2 Bxd2 13. Qxd2 Ng6 14. Ng3 Nf4
15. Kh2 h5 16. Ne2 Nxe2 17. Rxe2 Kb8 18. Qg5 Qxg5 19. Nxg5 Rdf8 20. Nxe6 fxe6
21. b4 g5 22. f3 h4 23. Ree1 Ka7 24. a5 Rf7 25. Ra3 Rd8 26. Rc3 Rd6 27. Rc5 Rf4
28. Rxe5 g4 29. hxg4 Rd8 30. Rxe6 Rf7 31. Rh6 Rd4 32. Rb1 c5 33. b5 axb5 34.
Rxb5 Ra4 35. Rxc5 Ra2 36. g5 Rg7 37. f4 h3 38. Kxh3 Ra1 39. Kg4 Rg1 40. g3 Rg2
41. f5 b6 42. axb6+ cxb6 43. Rcc6 b5 44. g6 b4 45. Rh7 Rxh7 46. gxh7 Rh2 47.
Rc7+ Kb8 48. Rg7 Kc8 49. Rg8+ Kd7 50. h8=Q Rxh8 51. Rxh8 Kc6 52. Rc8+ Kd7 53.
Rc4 b3 54. cxb3 Ke7 55. e5 1-0

[Event "AUTO-INT-3944"]
[Site "http://www.queenalice.com/game.php?id=1862956"]
[Date "2025.9.13"]
[Round "1"]
[White "zmanomega"]
[Black "dida"]
[Result "1-0"]
[WhiteElo "1651"]
[BlackElo "1526"]

1. e4 e5 2. Nf3 Nc6 3. c3 h6 4. Bc4 Qe7 5. d4 exd4 6. cxd4 Qxe4+ 7. Be3 Qe7 8.
O-O Nf6 9. h3 d6 10. Re1 Be6 11. d5 Ne5 12. dxe6 fxe6 13. Nxe5 dxe5 14. Bd4 exd4
15. Rxe6 Qxe6 16. Bxe6 Bc5 17. Bc4 O-O-O 18. Be6+ Nd7 19. Qc2 Kb8 20. Qc4 b6 21.
b4 Be7 22. Bd5 Nf6 23. Bf3 d3 24. Na3 d2 25. Qc6 Kc8 26. Rd1 Bxb4 27. Qb7+ Kd7
28. Nc4 Ke8 29. a3 Bc3 30. Qxc7 Nd5 31. Nd6+ Kf8 32. Qf7# 1-0

[Event "AUTO-INT-3944"]
[Site "http://www.queenalice.com/game.php?id=1862957"]
[Date "2025.9.13"]
[Round "1"]
[White "dida"]
[Black "zmanomega"]
[Result "0-1"]
[WhiteElo "1515"]
[BlackElo "1662"]

1. e4 e5 2. Nf3 f6 3. Bd3 d6 4. O-O Bg4 5. Nc3 c6 6. Ne2 Bxf3 7. gxf3 Ne7 8. Ng3
g6 9. b3 b5 10. a4 b4 11. Bb2 d5 12. a5 d4 13. a6 c5 14. Bb5+ Kf7 15. Bc4+ Ke8
16. Qe2 h5 17. d3 h4 18. Nh1 f5 19. exf5 Nxf5 20. Be6 Qg5+ 21. Ng3 hxg3 22. Bxf5
gxf2+ 23. Kxf2 Rxh2+ 24. Ke1 Rxe2+ 25. Kxe2 Qxf5 26. Bc1 Nc6 27. Bd2 Ne7 28. Ra5
Nd5 29. Rb5 Nc3+ 30. Ke1 Nb1 31. Bc1 Be7 32. Rb7 Bg5 33. Bxg5 Qxg5 34. Rh7 Qd2#
0-1

[Event "AUTO-INT-3944"]
[Site "http://www.queenalice.com/game.php?id=1862972"]
[Date "2025.9.13"]
[Round "1"]
[White "dida"]
[Black "renet54"]
[Result "1-0"]
[WhiteElo "1505"]
[BlackElo "1626"]

1. e4 e5 2. Nf3 Nf6 3. Nc3 Bc5 4. Qe2 O-O 5. Na4 Re8 6. Nxc5 b6 7. Nb3 Nc6 8. a3
Bb7 9. d3 d5 10. Bg5 dxe4 11. dxe4 Re6 12. Nbd2 h6 13. Bh4 Qe7 14. Nc4 Rd8 15.
Ncd2 Nd4 16. O-O-O Nxe2+ 17. Bxe2 Qc5 18. Nb3 Qc6 19. Rxd8+ Kh7 20. Bxf6 Rxf6
21. Nbd2 Rd6 22. Nxe5 Qc5 23. Nxf7 Rxd8 24. Nxd8 Qxf2 25. Nxb7 Qxe2 26. Rg1 Qf2
27. Rf1 Qxg2 28. Nd8 Qg5 29. Nf7 Qg2 30. h4 h5 31. e5 c5 32. Ng5+ Kh6 33. Nf7+
Kh7 34. Ng5+ 1-0

[Event "AUTO-INT-3944"]
[Site "http://www.queenalice.com/game.php?id=1862973"]
[Date "2025.9.13"]
[Round "1"]
[White "renet54"]
[Black "dida"]
[Result "1-0"]
[WhiteElo "1576"]
[BlackElo "1530"]

1. e4 e5 2. Nf3 Nc6 3. d4 exd4 4. Bc4 Qe7 5. O-O d6 6. Re1 Bg4 7. c3 dxc3 8.
Nxc3 Ne5 9. Qb3 b6 10. Nd5 Qd7 11. Bf4 Nxf3+ 12. gxf3 Bxf3 13. Nxc7+ Qxc7 14.
Rec1 Qb7 15. Rc3 Bxe4 16. Bb5+ Ke7 17. Re1 d5 18. Rec1 Nf6 19. Rc7+ Qxc7 20.
Rxc7+ Ke6 21. Qc3 Bc5 22. Qe5# 1-0